| 000 | 00356nam a22001337a 4500 | ||
|---|---|---|---|
| 020 | _a9780674833555 | ||
| 082 | _a951.041 BRA | ||
| 100 | _a Brandt, Conrad | ||
| 245 | _aStalin's Failure in China 1924 - 1927 | ||
| 260 |
_aCambridge _bHarvard University Press _c1958 |
||
| 300 |
_a226 p. _b22 cm. |
||
| 500 | _aIncludes bibliography and index | ||
| 942 | _cBK | ||
| 999 |
_c16821 _d16821 |
||